000 00722nam a2200229Ia 4500
003 GCL
008 140319s9999 xx 000 0 ara d
020 _a1066081977
040 _aGCL /
_cGCL
082 0 4 _a646.704
_bس ب
100 1 _aسوزى عبدالحميد
245 1 0 _aبيديك اصنعي جمالك /
_cسوزى عبدالحميد
250 _aالاولى
260 _aالقاهرة :
_bأطلس للنشر والانتاج الاعلامى ،
_c2002
300 _a176 ص ؛
_c24 سم
650 0 4 _aالجمال
650 0 4 _aمستحضرات التجميل
650 0 4 _aالمكياج
650 0 4 _aالمرأة - تجميل
650 0 4 _aالمرأة - رعاية صحية
942 _2ddc
_cBK
999 _c9351
_d9351